| 000 | 01172cai a22002295a 4500 | ||
|---|---|---|---|
| 001 | L137687 | ||
| 008 | 070424u2007 xxkad f s 000 0 eng d | ||
| 035 | _a(Sirsi) u137687 | ||
| 041 | 0 | _aeng | |
| 050 | 0 | 4 | _a333.33 $2 18 |
| 110 | 2 |
_aSavills _92020 |
|
| 245 | 0 | 0 |
_aSavills UK commercial development activity PMI _bApril 2007 _h[electronic resource] |
| 260 |
_aLondon _bSavills _c2007 |
||
| 490 | 0 |
_aSavills UK Commercial Development Activity PMI _vApril 2007 |
|
| 520 | _aReports that activity grew at its strongest rate for three years, and that the development boom has started to ripple out from the South East, with developers seeing the biggest increase in activity in the rest of the UK. Graph shows sectors ranked by growth in March. Gives statistics for total level of commercial activity, levels of activity by sector, and new build and refurbishment activity. | ||
| 590 | _aKA | ||
| 650 | 2 | 4 | _aSAVILLS UK COMMERCIAL DEVELOPMENT ACTIVITY PMI |
| 651 | 4 |
_aEngland and Wales _y1543- |
|
| 690 | _aPROPERTY-COMMERCIAL PROPERTY-COMMERCIAL PROPERTY MARKET | ||
| 856 | 4 | 0 |
_uhttps://www.savills.com/ _zView the item free of charge at www.savills.com... |
| 942 | _n0 | ||
| 999 |
_c106870 _d106870 |
||